000 02520cam a22005174i 4500
003 PE-LiUPU
005 20250731173110.0
008 181213s2018 miua r 001 0 eng
020 _a1540960013
020 _a9781540960016
035 _a(Sirsi) a251067
049 _aPRUA
082 0 4 _a230
_bO39
_223
100 1 _aOkholm, Dennis L.,
_eautor.
245 1 0 _aLearning theology through the church's worship :
_ban introduction to Christian belief /
_cDennis Okholm.
264 1 _aGrand Rapids :
_bBaker Academic, a division of Baker Publishing Group,
_c[2018].
300 _axiii, 242 páginas :
_bilustraciones ;
_c23 centímetros
336 _atext
_2rdacontent
337 _aunmediated
_2rdamedia
338 _avolume
_2rdacarrier
504 _aÍndice: páginas 233-242.
505 0 _aLiturgical ophthalmology, or why Christian theology and ethics begin and end with worship -- What is Christian theology? -- What are the sources for and the results of doing theology? -- Who is God? The doctrine of the Trinity -- Who Is Jesus Christ? Christology -- How did the world come into existence and what keeps it going? Creation and providence -- What is a human being? Theological anthropology -- What did Christ do for humans? Soteriology -- Who is the Holy Spirit and what does the Holy Spirit do? Pneumatology and the doctrine of sanctification -- What is the Church? Ecclesiology -- The Sacraments -- What is the future of God, humans, and the world? Eschatology.
526 _aSEG42
526 _aSEG41
526 _aSEG40
526 _aSEG39
526 _aP94
526 _aP87
526 _aP86
526 _aP85
526 _aP77
526 _aP76
526 _aP35
650 0 _aTeología, obras doctrinales
_vPopulares.
650 4 _aCulto.
650 4 _aTeología doctrinal.
_93091
910 _adbm
_brri
_crri
_d20181213
910 _adbm
_bsag
_csag
_d20181217
942 _2ddc
_cBOOK
994 _aC0
_bPEPRU
596 _a1
999 _a230 O39
_wDEWEY
_c30517
_i79361
_f2021-11-9
_g4
_lCCODEBUL1
_mBUL
_p15.00
_r0
_sY
_tBOOK
_u2018-12-14
_xTEOLOGIA
_PP85
_0COMPRA
_1FCOMPR2
_o.STAFF. Colección Teología
_d30517
999 _a230 O39
_wDEWEY
_c2
_i79417
_f2021-11-9
_g4
_lCCODEBUL1
_mBUL
_p15.00
_r0
_sY
_tBOOK
_u2018-12-17
_xTEOLOGIA
_PP85
_0COMPRA
_1FCOMPR2
_o.STAFF. Colección Teología
980 _81
_gALBERTO SANCHEZ Responsable de Automatización